[Event "4NCL Division Four"]
[Site "Warwick, ENG"]
[Date "2023.04.30"]
[Round "10.65"]
[White "Woods, Timothy J"]
[Black "Staples, Neil"]
[Result "1/2-1/2"]
[WhiteElo "1689"]
[BlackElo "1774"]
[PlyCount "70"]
[EventDate "2023.04.30"]
[WhiteTeam "Sussex Martlets 3"]
[BlackTeam "Oxford 3"]

1. e4 g6 2. d4 Bg7 3. Nc3 d6 4. Be3 Nd7 5. Qd2 h6 6. Nf3 e6 7. Bd3 Ne7 8. O-O-O b6 9. g4 Bb7 10. Rhg1 a6 11. Rg3 b5 12. Rh3 Ng8 13. Rg1 Qe7 14. d5 e5 15. Kb1 Nb6 16. Ne2 Bc8 17. Qa5 Rb8 18. Nd2 Nf6 19. f3 Nfd7 20. c4 bxc4 21. Nxc4 Nxc4 22. Bxc4 Nb6 23. Bb3 O-O 24. Ng3 h5 25. Qd2 f6 26. Nf5 Bxf5 27. gxf5 g5 28. Rxh5 Kf7 29. h4 Rh8 30. Rxh8 Rxh8 31. hxg5 fxg5 32. Bxg5 Bf6 33. Bxf6 Qxf6 34. Qg2 Kf8 35. a4 a5 1/2-1/2

[Event "4NCL Division Four"]
[Site "Warwick, ENG"]
[Date "2023.04.30"]
[Round "10.66"]
[White "Cole, Graham"]
[Black "Wannasin Bell, Charlie"]
[Result "1/2-1/2"]
[WhiteElo "1725"]
[BlackElo "1546"]
[PlyCount "35"]
[EventDate "2023.04.30"]
[WhiteTeam "Oxford 3"]
[BlackTeam "Sussex Martlets 3"]

1. e4 d6 2. d4 Nf6 3. Nc3 g6 4. Nf3 Bg7 5. Be2 O-O 6. O-O Nbd7 7. h3 c6 8. a4 e5 9. Be3 exd4 10. Nxd4 Re8 11. Bd3 d5 12. exd5 cxd5 13. Qd2 Nc5 14. Rfd1 a6 15. a5 Bd7 16. Bg5 Bc6 17. Be3 Bd7 18. Bg5 1/2-1/2

[Event "4NCL Division Four"]
[Site "Warwick, ENG"]
[Date "2023.04.30"]
[Round "10.71"]
[White "Hazlehurst, Cory S"]
[Black "Walentowicz, Stefan"]
[Result "1-0"]
[WhiteElo "2079"]
[BlackElo "1904"]
[PlyCount "59"]
[EventDate "2023.04.30"]
[WhiteTeam "MASCeteers"]
[BlackTeam "Ashfield 2"]

1. d4 Nf6 2. Nf3 e6 3. c4 d5 4. Nc3 Be7 5. Bf4 c6 6. e3 O-O 7. Bd3 Nbd7 8. O-O h6 9. h3 b6 10. Rc1 Bb7 11. cxd5 exd5 12. Qe2 a6 13. Rfd1 c5 14. b3 Re8 15. Bf5 Nf8 16. Ne5 Bd6 17. Qf3 Qe7 18. Na4 N6d7 19. Nxd7 Nxd7 20. Bxd6 Qxd6 21. Bxd7 Qxd7 22. Nxb6 Qe7 23. Nxa8 Bxa8 24. Rxc5 Bb7 25. Rdc1 Qe6 26. Rc7 Rc8 27. Qg4 Rb8 28. Qxe6 fxe6 29. Re7 Bc8 30. Re8+ 1-0

[Event "4NCL Division Four"]
[Site "Warwick, ENG"]
[Date "2023.04.30"]
[Round "10.72"]
[White "Flynn, David"]
[Black "Hurney, Kevin"]
[Result "1/2-1/2"]
[WhiteElo "1896"]
[BlackElo "2059"]
[PlyCount "45"]
[EventDate "2023.04.30"]
[WhiteTeam "Ashfield 2"]
[BlackTeam "MASCeteers"]

1. e4 g6 2. Nc3 Bg7 3. Bc4 d6 4. f4 c5 5. Nf3 Nc6 6. O-O Nf6 7. d3 O-O 8. Qe1 e6 9. Bb3 a6 10. Be3 Ng4 11. Bd2 Nd4 12. h3 Nxb3 13. axb3 Nf6 14. Be3 b6 15. Bf2 Bb7 16. Bh4 Qc7 17. Nh2 Nd7 18. f5 exf5 19. exf5 Rae8 20. Qd2 Bd4+ 21. Bf2 Bg7 22. Bh4 Bd4+ 23. Bf2 1/2-1/2

[Event "4NCL Division Four"]
[Site "Warwick, ENG"]
[Date "2023.04.30"]
[Round "10.73"]
[White "Isik, Muhammed Oguz"]
[Black "Hardman, Daniel"]
[Result "1-0"]
[WhiteElo "1821"]
[BlackElo "1834"]
[PlyCount "67"]
[EventDate "2023.04.30"]
[WhiteTeam "MASCeteers"]
[BlackTeam "Ashfield 2"]

1. d4 Nf6 2. c4 c5 3. d5 e6 4. Nc3 exd5 5. cxd5 d6 6. Nf3 g6 7. Nd2 Bg7 8. e4 O-O 9. Be2 a6 10. a4 b6 11. Nc4 Ne8 12. Bf4 f5 13. Qd2 Bb7 14. f3 Bd4 15. Bg5 Qc7 16. Bd3 fxe4 17. Bxe4 Nf6 18. Bxf6 Bxf6 19. O-O Nd7 20. f4 Bd4+ 21. Kh1 Rae8 22. Bf3 Nf6 23. Ne2 Ne4 24. Bxe4 Rxe4 25. Nc3 Bxc3 26. Qxc3 Bxd5 27. Ne3 Bb7 28. Ng4 Rd4 29. Rad1 Qc6 30. Rd2 Rfxf4 31. Nh6+ Kg7 32. Rxf4 Kxh6 33. Qe3 Rxd2 34. Rf7+ 1-0

[Event "4NCL Division Four"]
[Site "Warwick, ENG"]
[Date "2023.04.30"]
[Round "10.74"]
[White "Combie, Alex B"]
[Black "Walner, Milenko"]
[Result "1/2-1/2"]
[WhiteElo "1852"]
[BlackElo "1779"]
[PlyCount "72"]
[EventDate "2023.04.30"]
[WhiteTeam "Ashfield 2"]
[BlackTeam "MASCeteers"]

1. d4 d5 2. c4 e5 3. dxe5 d4 4. Nf3 Nc6 5. g3 Nge7 6. Bg2 Ng6 7. Bg5 Qd7 8. e6 fxe6 9. O-O e5 10. e3 h6 11. Bh4 Bc5 12. exd4 Nxd4 13. Nxe5 Qd6 14. Nxg6 Qxg6 15. b4 Bg4 16. Re1+ Kf8 17. Be7+ Bxe7 18. Qxd4 Bxb4 19. Nc3 c5 20. Qf4+ Qf6 21. Qxf6+ gxf6 22. Rec1 Bxc3 23. Rxc3 Rb8 24. Rb1 b6 25. a4 Kg7 26. h3 Bf5 27. Rb2 Rbd8 28. a5 Rd1+ 29. Kh2 Rb8 30. axb6 axb6 31. Rcb3 Rd6 32. Rb5 Rd4 33. Bd5 Bd3 34. Rxb6 Rxb6 35. Rxb6 Bxc4 36. Bxc4 Rxc4 1/2-1/2

[Event "4NCL Division Four"]
[Site "Warwick, ENG"]
[Date "2023.04.30"]
[Round "10.75"]
[White "Dos Santos Silva, Bruno Alexandre"]
[Black "Bromilow, Edward T"]
[Result "0-1"]
[WhiteElo "1772"]
[BlackElo "1820"]
[PlyCount "90"]
[EventDate "2023.04.30"]
[WhiteTeam "MASCeteers"]
[BlackTeam "Ashfield 2"]

1. d4 d5 2. Nc3 Nf6 3. Bf4 c5 4. e4 Nxe4 5. Nxe4 dxe4 6. dxc5 Qxd1+ 7. Rxd1 Nc6 8. Bc4 e5 9. Be3 Bg4 10. Rd2 Be7 11. h3 Bd7 12. Bxf7+ Kxf7 13. Rxd7 Rab8 14. c3 Ke6 15. Rd1 Na5 16. b4 Nc4 17. Bc1 Rbd8 18. Rxd8 Rxd8 19. Ne2 Rd3 20. O-O e3 21. fxe3 Bg5 22. Kh1 Nxe3 23. Bxe3 Rxe3 24. Ng1 Rxc3 25. Nf3 Bf4 26. Nd4+ exd4 27. Rxf4 Ke5 28. Rf7 d3 29. Rd7 Ke4 30. Kg1 Ke3 31. Re7+ Kd2 32. Kf2 Rc4 33. Rxb7 Kc2 34. Rd7 d2 35. Ke2 Re4+ 36. Kf3 Rxb4 37. Ke3 d1=Q 38. Rxd1 Kxd1 39. Kd3 Rb2 40. a4 Rxg2 41. Kc4 a5 42. c6 Rc2+ 43. Kb5 Kc1 44. Kxa5 Rxc6 45. Kb5 Rh6 0-1

[Event "4NCL Division Four"]
[Site "Warwick, ENG"]
[Date "2023.04.30"]
[Round "10.76"]
[White "Graham, Neil"]
[Black "Drugan, Mark A"]
[Result "1/2-1/2"]
[WhiteElo "1780"]
[BlackElo "1706"]
[PlyCount "47"]
[EventDate "2023.04.30"]
[WhiteTeam "Ashfield 2"]
[BlackTeam "MASCeteers"]

1. d4 Nf6 2. f3 d6 3. e4 e5 4. dxe5 dxe5 5. Qxd8+ Kxd8 6. Bc4 Ke8 7. Be3 b6 8. Ne2 Ba6 9. Nd2 Bxc4 10. Nxc4 Nfd7 11. O-O-O g6 12. Nc3 Nc6 13. a3 a6 14. Nd5 Rc8 15. Bg5 Rg8 16. Kb1 h6 17. Nf6+ Nxf6 18. Bxf6 Bg7 19. Bxg7 Rxg7 20. Rd5 f6 21. c3 Rd7 22. Rhd1 Rcd8 23. Ne3 Ne7 24. Rxd7 1/2-1/2

[Event "4NCL Division Four"]
[Site "Warwick, ENG"]
[Date "2023.04.30"]
[Round "10.81"]
[White "Robson, Ian A"]
[Black "Robinson, James"]
[Result "1-0"]
[WhiteElo "2231"]
[BlackElo "1900"]
[PlyCount "39"]
[EventDate "2023.04.30"]
[WhiteTeam "Wotton Hall"]
[BlackTeam "Barnet Knights C"]

1. e4 d5 2. exd5 Nf6 3. d4 Nxd5 4. c4 Nf6 5. Nf3 e6 6. Nc3 Be7 7. Bd3 b6 8. O-O Bb7 9. Qe2 O-O 10. Bf4 a6 11. Rad1 Re8 12. Bc2 Qc8 13. Ng5 Nbd7 14. Be5 Nf8 15. Rd3 h6 16. Nge4 Nxe4 17. Nxe4 f5 18. Rg3 g5 19. Qh5 Nd7 20. Qg6+ 1-0

[Event "4NCL Division Four"]
[Site "Warwick, ENG"]
[Date "2023.04.30"]
[Round "10.82"]
[White "Bakacsi, Zsolt"]
[Black "Stewart, Joseph J"]
[Result "0-1"]
[WhiteElo "1853"]
[BlackElo "2206"]
[PlyCount "96"]
[EventDate "2023.04.30"]
[WhiteTeam "Barnet Knights C"]
[BlackTeam "Wotton Hall"]

1. d4 d5 2. Nf3 e6 3. c4 c6 4. g3 f5 5. Bg2 Nf6 6. O-O Be7 7. Nc3 O-O 8. c5 b6 9. b4 a5 10. Na4 Nfd7 11. Qb3 axb4 12. Qxb4 Na6 13. Qc3 bxc5 14. Nxc5 Naxc5 15. dxc5 Bf6 16. Nd4 Ne5 17. Rb1 Rxa2 18. Qb3 Ra6 19. Bd2 Nc4 20. Nf3 Nxd2 21. Nxd2 Qa5 22. Qd3 Qc3 23. Qxc3 Bxc3 24. Nb3 e5 25. e3 d4 26. exd4 exd4 27. Rfd1 Rd8 28. Rbc1 Rd7 29. Bf1 Ra4 30. Bg2 Rc7 31. Nd2 Be6 32. Rb1 Kf7 33. Nf3 Kf6 34. h4 h6 35. Nh2 Rc4 36. f4 Rxc5 37. Nf3 Rd5 38. Ne5 Rxe5 39. fxe5+ Kxe5 40. Kf2 c5 41. Rb7 Rxb7 42. Bxb7 c4 43. Rb1 d3 44. Ke3 Bd4+ 45. Kd2 Bf2 46. Rb5+ Kd4 47. Rb6 c3+ 48. Kd1 c2+ 0-1

[Event "4NCL Division Four"]
[Site "Warwick, ENG"]
[Date "2023.04.30"]
[Round "10.83"]
[White "Ashworth, Michael"]
[Black "Page, Thomas"]
[Result "1/2-1/2"]
[WhiteElo "2107"]
[BlackElo "1830"]
[PlyCount "84"]
[EventDate "2023.04.30"]
[WhiteTeam "Wotton Hall"]
[BlackTeam "Barnet Knights C"]

1. d4 d5 2. c4 e6 3. Nc3 Nf6 4. cxd5 exd5 5. Bg5 c6 6. e3 Be7 7. Bd3 Bg4 8. f3 Bh5 9. Nge2 O-O 10. Qc2 Nbd7 11. O-O Re8 12. Nf4 Bg6 13. Nxg6 hxg6 14. Kh1 Nh5 15. Bxe7 Qxe7 16. Rae1 Qh4 17. Qf2 Qxf2 18. Rxf2 Nf4 19. Bf1 Nf6 20. Rd2 Re7 21. g3 Ne6 22. Bg2 Rd8 23. Kg1 Ne8 24. Red1 Nd6 25. b3 f5 26. Re2 Ng5 27. h4 Nh7 28. e4 dxe4 29. fxe4 Nxe4 30. Nxe4 fxe4 31. Rxe4 Red7 32. Bh3 Nf6 33. Bxd7 Nxe4 34. Be6+ Kf8 35. Kg2 Nc3 36. Rf1+ Ke7 37. Bc4 Nd5 38. Re1+ Kf6 39. Rf1+ Ke7 40. Re1+ Kf6 41. Re5 Nc7 42. Re4 Nd5 1/2-1/2

[Event "4NCL Division Four"]
[Site "Warwick, ENG"]
[Date "2023.04.30"]
[Round "10.84"]
[White "Bloom, Paul"]
[Black "Ashworth, Robert"]
[Result "1/2-1/2"]
[WhiteElo "1744"]
[BlackElo "1907"]
[PlyCount "59"]
[EventDate "2023.04.30"]
[WhiteTeam "Barnet Knights C"]
[BlackTeam "Wotton Hall"]

1. e4 e5 2. Nf3 Nc6 3. Bb5 a6 4. Ba4 Nf6 5. O-O b5 6. Bb3 Be7 7. Re1 O-O 8. c3 d6 9. h3 Na5 10. Bc2 c5 11. d4 Nd7 12. Nbd2 exd4 13. cxd4 Nc6 14. Nf1 cxd4 15. Nxd4 Nxd4 16. Qxd4 Ne5 17. Qd1 Bf6 18. Ne3 Nc4 19. Rb1 Be6 20. Nd5 Bh4 21. b3 Ne5 22. Qh5 Rc8 23. Re2 Bxd5 24. exd5 Ng6 25. f4 Qf6 26. Bf5 Rce8 27. Bb2 Qd8 28. Bd4 Qe7 29. Bd3 Bf6 30. Bf2 1/2-1/2

[Event "4NCL Division Four"]
[Site "Warwick, ENG"]
[Date "2023.04.30"]
[Round "10.85"]
[White "Moldovan, Alexandru-Mitic"]
[Black "Michener, Max"]
[Result "0-1"]
[WhiteElo "1758"]
[BlackElo "1540"]
[PlyCount "120"]
[EventDate "2023.04.30"]
[WhiteTeam "Wotton Hall"]
[BlackTeam "Barnet Knights C"]

1. e4 e5 2. Nf3 Nc6 3. Bc4 Bc5 4. b4 Bxb4 5. c3 Ba5 6. O-O d6 7. d4 Bg4 8. Qb3 Qd7 9. Bxf7+ Kf8 10. Ng5 Nh6 11. Bd5 Bb6 12. dxe5 Nxe5 13. Bxb7 Rb8 14. Bd5 Be2 15. Ne6+ Ke8 16. Nd4 Bxf1 17. Kxf1 Rf8 18. Qd1 Bxd4 19. Qxd4 Nhg4 20. Kg1 Nxf2 21. Nd2 Nfd3 22. Qxa7 Rd8 23. Nc4 Nxc4 24. Bxc4 Ne5 25. Be2 Qc6 26. Qd4 Ra8 27. a4 Qd7 28. Bg5 Rf7 29. Bh5 g6 30. Be2 Kf8 31. Bh6+ Ke7 32. h4 Qc6 33. Kh1 Qb6 34. Qd2 Qf2 35. Bg5+ Kf8 36. Rf1 Qc5 37. Rxf7+ Nxf7 38. Be3 Qe5 39. Qc2 Qg3 40. Qc1 Qxh4+ 41. Kg1 Rxa4 42. Bf3 Ne5 43. Bd1 Qe1+ 44. Kh2 Qh4+ 45. Kg1 Rxe4 46. Bf2 Nd3 47. Bxh4 Nxc1 48. Bf2 Nd3 49. Bg3 Re3 50. Bf3 Ne5 51. Kf2 Rxc3 52. Be2 Nd3+ 53. Kg1 Nc1 54. Bf3 Rxf3 55. gxf3 Ne2+ 56. Kf2 Nxg3 57. Kxg3 Ke7 58. Kf4 Ke6 59. Ke4 h5 60. f4 c5 0-1

[Event "4NCL Division Four"]
[Site "Warwick, ENG"]
[Date "2023.04.30"]
[Round "10.86"]
[White "Lee, Xander"]
[Black "Bendall, Kevin N"]
[Result "1/2-1/2"]
[WhiteElo "1439"]
[BlackElo "1634"]
[PlyCount "102"]
[EventDate "2023.04.30"]
[WhiteTeam "Barnet Knights C"]
[BlackTeam "Wotton Hall"]

1. e4 c5 2. Nc3 d6 3. g3 Nc6 4. Bg2 Nf6 5. d3 g6 6. Be3 Bg7 7. Qd2 O-O 8. Bh6 e5 9. Bxg7 Kxg7 10. Nge2 a6 11. O-O b5 12. f4 b4 13. fxe5 Nxe5 14. Nd5 Nxd5 15. exd5 Qe7 16. d4 Nc4 17. Qd3 Qe3+ 18. Qxe3 Nxe3 19. Rf4 Nxg2 20. Kxg2 Re8 21. Re1 Bb7 22. a3 Bxd5+ 23. Kf2 a5 24. dxc5 dxc5 25. c3 bxa3 26. bxa3 c4 27. Rb1 Rab8 28. Rxb8 Rxb8 29. Rd4 Be6 30. Nf4 Rb3 31. Nxe6+ fxe6 32. Rxc4 Rxa3 33. Ke3 Kf6 34. Rc5 a4 35. Kf4 Ra1 36. Ra5 a3 37. c4 a2 38. Kg4 Rc1 39. Rxa2 Rxc4+ 40. Kf3 e5 41. Re2 h5 42. h3 g5 43. g4 Rf4+ 44. Kg3 h4+ 45. Kg2 e4 46. Ra2 e3 47. Ra6+ Ke5 48. Ra5+ Kd6 49. Ra6+ Ke5 50. Ra5+ Kd6 51. Ra6+ Ke5 1/2-1/2

[Event "4NCL Division Four"]
[Site "Warwick, ENG"]
[Date "2023.04.30"]
[Round "10.91"]
[White "Levens, David G"]
[Black "Wasilak, Piotr"]
[Result "0-1"]
[WhiteElo "1834"]
[BlackElo "1951"]
[PlyCount "60"]
[EventDate "2023.04.30"]
[WhiteTeam "Ashfield 3"]
[BlackTeam "Iceni 2"]

1. e4 e6 2. d4 d5 3. Nc3 Nf6 4. e5 Nfd7 5. Nf3 a6 6. Bd3 Be7 7. O-O O-O 8. a4 c5 9. dxc5 Nxc5 10. Bf4 Nc6 11. Re1 b6 12. Bf1 Bb7 13. Qd2 Rc8 14. Rab1 Nd7 15. Na2 a5 16. c3 Nc5 17. b4 axb4 18. cxb4 Ne4 19. Qb2 g5 20. Rbd1 gxf4 21. Rxe4 dxe4 22. Rxd8 Rfxd8 23. Ne1 Nd4 24. g3 fxg3 25. hxg3 Nf3+ 26. Nxf3 exf3 27. Kh2 Bg5 28. Nc3 Rd2 29. Qa1 Rxf2+ 30. Kg1 Be3 0-1

[Event "4NCL Division Four"]
[Site "Warwick, ENG"]
[Date "2023.04.30"]
[Round "10.92"]
[White "Lewis, Stephen"]
[Black "Bentley, Alex"]
[Result "0-1"]
[WhiteElo "1928"]
[BlackElo "1738"]
[PlyCount "82"]
[EventDate "2023.04.30"]
[WhiteTeam "Iceni 2"]
[BlackTeam "Ashfield 3"]

1. d4 Nf6 2. Nc3 d5 3. Bf4 Bf5 4. f3 h6 5. g4 Bg6 6. e3 e6 7. h4 Bb4 8. h5 Bh7 9. Bd3 Bxc3+ 10. bxc3 Bxd3 11. cxd3 Nbd7 12. Qd2 Rc8 13. Ne2 Qe7 14. Kf2 c5 15. Rab1 b6 16. Bg3 c4 17. Kg2 e5 18. dxe5 Nxe5 19. Bxe5 Qxe5 20. d4 Qe6 21. Ng3 Kd7 22. Rhe1 g6 23. hxg6 fxg6 24. Qc2 Kc6 25. Qxg6 Rcg8 26. Qf5 Qd6 27. Nh5 Nxh5 28. Qxh5 Rg5 29. Qh4 Qg6 30. e4 dxe4 31. Rxe4 Rg8 32. Rbe1 Kb7 33. Qh2 h5 34. Re7+ Ka6 35. Qc7 Rxg4+ 36. fxg4 Qxg4+ 37. Kf2 Qg2+ 38. Ke3 Rg3+ 39. Kf4 Qf3+ 40. Ke5 Rg5+ 41. Kd6 Qd5# 0-1

[Event "4NCL Division Four"]
[Site "Warwick, ENG"]
[Date "2023.04.30"]
[Round "10.93"]
[White "Taylor, Robert P"]
[Black "Lovell, Steve"]
[Result "1/2-1/2"]
[WhiteElo "1742"]
[BlackElo "1849"]
[PlyCount "120"]
[EventDate "2023.04.30"]
[WhiteTeam "Ashfield 3"]
[BlackTeam "Iceni 2"]

1. d4 Nf6 2. Bg5 d5 3. e3 c5 4. c3 Nc6 5. Nf3 Bf5 6. Bd3 Bxd3 7. Qxd3 Ne4 8. Bf4 Qb6 9. Qc2 e6 10. Nbd2 cxd4 11. exd4 Rc8 12. O-O Bd6 13. Be3 Nxd2 14. Qxd2 Qc7 15. Rfe1 O-O 16. Qd3 h6 17. h3 a6 18. Qd2 Ne7 19. Nh4 Rfe8 20. Re2 Kh7 21. Rae1 Ng8 22. Qd3+ Kh8 23. Bd2 Be7 24. Nf3 Nf6 25. Ne5 Bd6 26. Bf4 Kg8 27. Qf3 Qe7 28. Ng4 Nxg4 29. Qxg4 Bxf4 30. Qxf4 b5 31. a3 a5 32. Qe5 Qd7 33. Re3 Rb8 34. Rg3 g6 35. b4 axb4 36. axb4 Rbc8 37. Ree3 Qc7 38. Qf6 Kh7 39. h4 Qe7 40. Qf4 h5 41. Rg5 Qc7 42. Qf3 Ra8 43. g3 Kg7 44. Rge5 Qc6 45. g4 f6 46. gxh5 fxe5 47. Qg4 Rg8 48. Rxe5 Kf7 49. Qf4+ Ke7 50. Qg5+ Kd7 51. hxg6 Rg7 52. Qf6 Rag8 53. h5 Qa6 54. Rxd5+ Kc7 55. Qe5+ Kc8 56. Rc5+ Kd8 57. Qb8+ Ke7 58. Qc7+ Ke8 59. Qb8+ Ke7 60. Qc7+ Ke8 1/2-1/2

[Event "4NCL Division Four"]
[Site "Warwick, ENG"]
[Date "2023.04.30"]
[Round "10.94"]
[White "Rosenbach, Martin"]
[Black "Thomson, James L"]
[Result "1-0"]
[WhiteElo "1888"]
[BlackElo "1689"]
[PlyCount "85"]
[EventDate "2023.04.30"]
[WhiteTeam "Iceni 2"]
[BlackTeam "Ashfield 3"]

1. c4 Nf6 2. g3 d5 3. Bg2 g6 4. Nf3 Bg7 5. O-O O-O 6. cxd5 Nxd5 7. Nc3 Nb6 8. d4 c6 9. b3 Bg4 10. Ne5 Bxe5 11. dxe5 Qxd1 12. Rxd1 Kg7 13. Ba3 Re8 14. h3 Bf5 15. e4 Be6 16. Rd2 N8d7 17. f4 f6 18. exf6+ exf6 19. Rad1 h5 20. Ne2 Rad8 21. Nd4 Bf7 22. Bd6 Rc8 23. Re1 Nf8 24. e5 fxe5 25. Bxe5+ Kg8 26. Rde2 Bd5 27. Nf3 Nbd7 28. Bd4 Rxe2 29. Rxe2 Ne6 30. Bb2 Kf7 31. h4 Re8 32. Kf2 Nec5 33. Ng5+ Kf8 34. Bg7+ Kxg7 35. Rxe8 Nf6 36. Re7+ Kf8 37. Re2 Nd3+ 38. Kg1 Ng4 39. Bxd5 cxd5 40. Ne6+ Kg8 41. Nc7 Nf6 42. Rd2 Ne1 43. Kf2 1-0

[Event "4NCL Division Four"]
[Site "Warwick, ENG"]
[Date "2023.04.30"]
[Round "10.95"]
[White "Taylor, Marcel V"]
[Black "Gaffney, Samuel"]
[Result "0-1"]
[WhiteElo "1696"]
[BlackElo "1875"]
[PlyCount "40"]
[EventDate "2023.04.30"]
[WhiteTeam "Ashfield 3"]
[BlackTeam "Iceni 2"]

{[%evp 0,40,16,28,27,25,29,27,45,8,17,9,39,31,36,24,76,56,21,35,116,-157,-174,-174,-159,-169,-190,-170,-107,-129,-116,-116,-138,-120,-110,-245,-269,-492,-500,-526,-442,-447,-460]} 1. d4 Nf6 2. Bf4 e6 3. e3 b6 4. c4 Bb7 5. Nf3 Be7 6. Nc3 O-O 7. Bd3 c5 8. Nb5 d6 9. dxc5 bxc5 10. O-O e5 11. Nxe5 dxe5 12. Bxe5 Nc6 13. Bg3 a6 14. Nd6 Qb6 15. Nxb7 Qxb7 16. Qf3 Qb6 17. Bh4 Ne5 18. Bxh7+ Nxh7 19. Qh5 Ng6 20. Bxe7 Nxe7 0-1

[Event "4NCL Division Four"]
[Site "Warwick, ENG"]
[Date "2023.04.30"]
[Round "10.96"]
[White "Feavyour, John A"]
[Black "Willoughby, Robert H"]
[Result "1-0"]
[WhiteElo "1834"]
[BlackElo "1625"]
[PlyCount "109"]
[EventDate "2023.04.30"]
[WhiteTeam "Iceni 2"]
[BlackTeam "Ashfield 3"]

1. d4 Nf6 2. c4 e5 3. dxe5 Ng4 4. Nf3 Nc6 5. Nc3 Bb4 6. Bd2 O-O 7. e3 Ngxe5 8. Nxe5 Nxe5 9. a3 Be7 10. Be2 d6 11. O-O b6 12. f4 Ng6 13. Bf3 Rb8 14. g3 Bh3 15. Re1 Bf6 16. Rb1 a5 17. Ne4 Re8 18. Nxf6+ Qxf6 19. Bc3 Qe7 20. Qd4 f6 21. Bh5 Qe4 22. Qxe4 Rxe4 23. Bf3 Re7 24. Kf2 Bc8 25. h4 Bb7 26. Bxb7 Rxb7 27. h5 Nf8 28. h6 Nd7 29. hxg7 Rxg7 30. b4 axb4 31. axb4 Rf7 32. Ra1 Nf8 33. Ra8 b5 34. cxb5 Rxb5 35. Ra5 Rb7 36. g4 h6 37. Rh1 Rh7 38. Ra8 Kf7 39. Kf3 Ke7 40. Ra5 Kf7 41. Rf5 Nd7 42. Rfh5 Kg6 43. Ra5 c5 44. bxc5 dxc5 45. Ra6 Rb3 46. Ba1 Nb6 47. f5+ Kf7 48. Rd1 Ke8 49. Bxf6 Rd7 50. Rxd7 Kxd7 51. Ra7+ Kc6 52. Be5 Nc4 53. Bf4 Nd2+ 54. Ke2 Rb2 55. Be5 1-0

[Event "4NCL Division Four"]
[Site "Warwick, ENG"]
[Date "2023.04.30"]
[Round "10.101"]
[White "Leszczynski, Taynara"]
[Black "Samarakoon, Vivash"]
[Result "1/2-1/2"]
[WhiteElo "1630"]
[BlackElo "2063"]
[PlyCount "98"]
[EventDate "2023.04.30"]
[WhiteTeam "She Plays To Win Uni"]
[BlackTeam "Anglian Avengers 2"]

1. e4 e5 2. Nf3 Nc6 3. Bc4 Nf6 4. d3 Be7 5. O-O d6 6. c3 Bg4 7. h3 Bh5 8. Be3 Qd7 9. Nbd2 Na5 10. Bb3 h6 11. Ba4 b5 12. Bc2 g5 13. a4 Rg8 14. Qc1 g4 15. Nh2 gxh3 16. g3 Ng4 17. Nxg4 Bxg4 18. axb5 Nb7 19. b6 cxb6 20. Bxb6 Kf8 21. Bd1 Bg5 22. f3 Bh5 23. Kh2 Ke7 24. Bg1 Nc5 25. Qc2 Ne6 26. g4 Bf4+ 27. Kh1 Rg5 28. Bh2 Rag8 29. Nc4 d5 30. exd5 Qxd5 31. Rxa7+ Kf6 32. Ra5 Qb7 33. Nd6 Qb6 34. Ne4+ Ke7 35. Nxg5 Rxg5 36. Bxf4 Nxf4 37. Ra4 Bg6 38. Rxf4 exf4 39. Re1+ Kf8 40. Qe2 Rd5 41. d4 h5 42. Kh2 Kg7 43. gxh5 Rxh5 44. Rg1 Qf6 45. Bc2 Rg5 46. Rxg5 Qxg5 47. Bxg6 Qg3+ 48. Kh1 fxg6 49. d5 h2 1/2-1/2

[Event "4NCL Division Four"]
[Site "Warwick, ENG"]
[Date "2023.04.30"]
[Round "10.102"]
[White "Llewellyn, Alan M"]
[Black "Agarwal, Aditi"]
[Result "1-0"]
[WhiteElo "1627"]
[BlackElo "1578"]
[PlyCount "55"]
[EventDate "2023.04.30"]
[WhiteTeam "Anglian Avengers 2"]
[BlackTeam "She Plays To Win Uni"]

1. c4 e6 2. Nc3 Nf6 3. e4 d5 4. cxd5 exd5 5. e5 Nfd7 6. d4 c6 7. f4 Nb6 8. Nf3 Bf5 9. Ng5 g6 10. g4 Bc8 11. h3 h6 12. Nf3 Bb4 13. Bd3 h5 14. g5 Nc4 15. Qc2 Qa5 16. Bxg6 fxg6 17. Qxg6+ Kf8 18. Qf6+ Kg8 19. g6 Bxc3+ 20. bxc3 Qc7 21. g7 Qxg7 22. Rg1 Bg4 23. Qd8+ Kh7 24. Ng5+ Kg6 25. f5+ Kxf5 26. Rf1+ Kg6 27. Rf6+ Qxf6 28. Qxf6# 1-0

[Event "4NCL Division Four"]
[Site "Warwick, ENG"]
[Date "2023.04.30"]
[Round "10.103"]
[White "Ravi, Vash"]
[Black "Slonczuk, Pawel"]
[Result "0-1"]
[WhiteElo "1434"]
[BlackElo "1678"]
[PlyCount "74"]
[EventDate "2023.04.30"]
[WhiteTeam "She Plays To Win Uni"]
[BlackTeam "Anglian Avengers 2"]

1. d4 d5 2. c4 e6 3. Nc3 Be7 4. Nf3 Nf6 5. Bg5 h6 6. Bh4 O-O 7. e3 Nbd7 8. cxd5 Nxd5 9. Bg3 Bb4 10. Qc2 c5 11. Bc4 cxd4 12. exd4 N7b6 13. Bb3 Bd7 14. Nd2 Rc8 15. Ndb1 Bb5 16. a3 Be7 17. Qe4 Nf6 18. Qe3 Nbd5 19. Qd2 Ba6 20. f3 Bd6 21. Nxd5 Nxd5 22. Be5 Qb6 23. Bc2 Rfd8 24. f4 Qc6 25. Nc3 Nxc3 26. bxc3 Be7 27. f5 Qxc3 28. Qxc3 Rxc3 29. Rc1 exf5 30. Kd2 Rdc8 31. h4 g6 32. a4 Ba3 33. d5 Bxc1+ 34. Rxc1 R3c5 35. Bf4 Rxd5+ 36. Ke3 Kg7 37. Kf2 Rdc5 0-1

[Event "4NCL Division Four"]
[Site "Warwick, ENG"]
[Date "2023.04.30"]
[Round "10.104"]
[White "Ferris, Oliver"]
[Black "Mohan, Meghana"]
[Result "1-0"]
[WhiteElo "1550"]
[BlackElo "1515"]
[PlyCount "155"]
[EventDate "2023.04.30"]
[WhiteTeam "Anglian Avengers 2"]
[BlackTeam "She Plays To Win Uni"]

1. e4 c5 2. Nf3 d6 3. Nc3 Nc6 4. Bb5 Nf6 5. e5 dxe5 6. Nxe5 Qc7 7. Nxc6 bxc6 8. Be2 g6 9. d3 Bg7 10. Be3 Nd5 11. Nxd5 cxd5 12. c3 Rb8 13. Qd2 Qb6 14. b4 d4 15. cxd4 Qxb4 16. Qxb4 Rxb4 17. Bd2 Rb8 18. Bf4 Bxd4 19. Bxb8 Bxa1 20. Bxa7 Bc3+ 21. Kd1 Bd4 22. f4 Bb7 23. Bf3 Bxf3+ 24. gxf3 O-O 25. Re1 e6 26. Re2 Ra8 27. Bb6 Ra3 28. Rd2 Kg7 29. Ke2 Kf6 30. Bc7 Ra7 31. Bd6 Rb7 32. h3 Rb1 33. Rd1 Rb2+ 34. Rd2 Rb6 35. Bc7 Rb7 36. Bd6 e5 37. fxe5+ Bxe5 38. Bxc5 Bf4 39. Rc2 Rb1 40. d4 Ke6 41. a3 Rh1 42. Kd3 Rxh3 43. Ke4 Bd6 44. a4 Rh1 45. Bxd6 Kxd6 46. Ra2 Re1+ 47. Kd3 Re8 48. a5 Ra8 49. Kc4 h5 50. a6 h4 51. a7 h3 52. f4 h2 53. Rxh2 Rxa7 54. Rh6 Rc7+ 55. Kd3 Ke6 56. Ke4 f5+ 57. Kd3 Kf6 58. d5 Rd7 59. Kd4 Kg7 60. Rh3 Ra7 61. Ke5 Re7+ 62. Kd6 Re4 63. Rf3 Kf8 64. Kc7 Ke8 65. Kc6 Rd4 66. Kc5 Rd1 67. Re3+ Kd7 68. Re6 Rc1+ 69. Kd4 Rd1+ 70. Ke5 Re1+ 71. Kf6 Rxe6+ 72. dxe6+ Ke8 73. e7 g5 74. fxg5 f4 75. g6 f3 76. g7 f2 77. g8=Q+ Kd7 78. e8=Q+ 1-0

[Event "4NCL Division Four"]
[Site "Warwick, ENG"]
[Date "2023.04.30"]
[Round "10.105"]
[White "Shrivastava, Tia"]
[Black "Collins, Nigel"]
[Result "0-1"]
[WhiteElo "1334"]
[BlackElo "1454"]
[PlyCount "155"]
[EventDate "2023.04.30"]
[WhiteTeam "She Plays To Win Uni"]
[BlackTeam "Anglian Avengers 2"]

1. e4 c5 2. Nf3 d6 3. Nc3 Nf6 4. h3 g6 5. d4 cxd4 6. Qxd4 Nc6 7. Qa4 Bd7 8. Bb5 a6 9. Bxc6 Bxc6 10. Qb3 Nxe4 11. Nxe4 Bxe4 12. O-O Bg7 13. Ng5 d5 14. Rd1 Qc7 15. c3 O-O 16. Be3 h6 17. Nxe4 dxe4 18. Rac1 b5 19. Bd4 Qc4 20. Qxc4 bxc4 21. Bxg7 Kxg7 22. Rd4 Rac8 23. Rxe4 e6 24. Kh2 Rcd8 25. Rc2 Rd6 26. b3 Rc6 27. b4 Rd8 28. Re3 Rd3 29. a4 Rxe3 30. fxe3 Kf6 31. Kg3 Ke5 32. Kf3 Rd6 33. g4 g5 34. Rb2 Kd5 35. b5 axb5 36. Rxb5+ Kc6 37. Rb4 Kc5 38. Rb7 Rb6 39. Rc7+ Rc6 40. Rxf7 Ra6 41. Rc7+ Kd5 42. e4+ Kd6 43. Rxc4 e5 44. Kg3 Rb6 45. Rc8 Rb3 46. Kf2 Kd7 47. Rh8 Rxc3 48. Rxh6 Rc4 49. a5 Rxe4 50. a6 Rf4+ 51. Ke3 Rf8 52. Ke4 Kc7 53. Kxe5 Kb8 54. Kd6 Ka8 55. Ke7 Rf3 56. Kd7 Rd3+ 57. Ke6 Rc3 58. Kf5 Rc5+ 59. Ke4 Rc4+ 60. Kd5 Rc3 61. Ke5 Rc5+ 62. Kd4 Rb5 63. Kc4 Ra5 64. Kd4 Rb5 65. h4 Rb4+ 66. Kc5 Rxg4 67. hxg5 Rxg5+ 68. Kb4 Rf5 69. Re6 Rh5 70. Rd6 Rg5 71. Rc6 Rh5 72. Rg6 Rf5 73. Ka4 Rh5 74. Rd6 Rg5 75. Rc6 Rh5 76. Rd6 Rg5 77. Rh6 Rf5 78. Kb4 0-1